Statistiche per Ricostruisci la Carriera del Calciatore - David Alaba

Clicka qui per fare il quiz!

Statistiche generali

  • Questo quiz è stato fatto 4 volte
  • Il punteggio medio è 5 su 6

Statistiche sulle risposte

HintRisposta% Corretto
2007-2008 Austria Vienna II
100%
2011-2021 Bayern Monaco
100%
2011Hoffenheim
100%
2021- Real Madrid
100%
2009-2011 Bayern Monaco II
67%
2010-2011 Bayern Monaco
0%

Distribuzione punteggi

Percentile per numero di risposta

Percentuale di utenti per punteggio

I tuoi punteggi nel tempo

Non hai fatto questo quiz